000 00205 a2200097 4500
001 20665
100 _aMcloughlin, E V
245 _aThe book of knowledge
260 _a
_bGrolier
_c
090 _c14966
_d14966
942 _aNUST-CAE
_cM
_c5520
999 _c255738
_d255738